000 00708nam a2200229 a 4500
001 BRCA_5576
005 20190320205134.0
008 180211s1920----sp-a######---#000-0#spa-#
041 _aspa
044 _asp
050 4 _aND813.A4
_b.A27 1920
100 1 _aAbril, Manuel
_914221
245 1 0 _aFernando A. de Sotomayor
_cManuel Abril.Prólogo de Manuel Marín.
260 _aMadrid
_bTipografía Artística Cervantes
_c1920
300 _a11 p.
_bil., 29 láminas
_c21 cm.
440 0 _aBiblioteca Estrella
_pMonografías de arte
_914222
500 _aF51
600 1 4 _aAlvarez de Sotomayor y Zaragoza, Fernando
_d1875-1960
_914223
650 1 4 _aPintores españoles
_97620
902 _aGFM
942 _2lcc
_cB
999 _c5270
_d5270